| 000 | 01176 a2200205 4500 | ||
|---|---|---|---|
| 001 | 39799 | ||
| 005 | 20260407155654.0 | ||
| 008 | 260407a1970 arg spa d | ||
| 003 | AR-UNSa-BCEJYS | ||
| 040 |
_aAR-UNSa-BCEJYS _bspa _cAR-UNSa-BCEJYS |
||
| 080 |
_a910 _xGeneralidades. La geografía como ciencia. Exploraciones. Viajes |
||
| 245 | 1 | 0 | _aPanorama del mundo actual |
| 264 | 1 |
_aBarcelona : _bAriel _c1970 |
|
| 300 |
_a318 p. _c21 cm. |
||
| 505 | _aParte I.: Originalidad del mundo actual: 1. La explosión demográfica y sus corolarios - 2. ¿Una nueva resolución industrial? - 3. El fracaso del imperialismo del siglo XIX - 4. Exigüidad y solidaridad en la disparidad - Parte II: Balance del mundo actual : 1. La búsqueda de un equilibrio entre los países industriales - 2. El eje mediterráneo y el Oriente Medio.Panorabismo y petróleo - 3. Ambigüedad de Asia - 4. África - 5. ¿América latina o hemisferio americano? - Parte III: Tendencias y perspectivas: 1. La aventura urbana - 2. La búsqueda de nuevas relaciones internacionales. | ||
| 942 | _cBK | ||
| 590 | _aniveau_biblio:m niveau_hierar:0 | ||
| 100 | 1 | _aBordonaba, P. | |
| 700 | 1 | _aGeorge, Pierre | |
| 999 |
_c3106 _d3106 |
||